La empresa cooperativa.
Saved in:
| Hovedforfatter: | |
|---|---|
| Format: | Ukendt |
| Sprog: | spansk |
| Udgivet: |
Santiago, Chile:
Thomson Reuters,
2024.
|
| Udgivelse: | 1ª edición. |
| Serier: | Monografías.
|
| Fag: | |
| Tags: |
Tilføj Tag
Ingen Tags, Vær først til at tagge denne postø!
|
MARC
| LEADER | 00000 a2200000 4500 | ||
|---|---|---|---|
| 003 | CL-VaPUC | ||
| 005 | 20250129122157.0 | ||
| 008 | 250117b2024 ||||| |||| 00| 0 spa d | ||
| 999 | |c 446553 |d 446551 | ||
| 020 | |a 978-956-400-590-4 | ||
| 040 | |c Pontificia Universidad Católica de Valparaíso | ||
| 082 | |2 22 |a 346.830668 ROM 2024 | ||
| 100 | |a Román Rodríguez, Juan Pablo |9 605701 |e autor | ||
| 245 | |a La empresa cooperativa. | ||
| 250 | |a 1ª edición. | ||
| 260 | |a Santiago, Chile: |b Thomson Reuters, |c 2024. | ||
| 300 | |a 331 páginas. | ||
| 490 | |a Monografías. | ||
| 583 | |k Cristina María Rojas Aguilar |c 20250117 | ||
| 650 | 0 | |9 255569 |a Empresas |x Asociaciones, sociedades, etc. |v Legislación chilena | |
| 650 | 0 | |9 319869 |a Cooperativas |x Aspectos jurídicos |y 1924-2024 |z Chile | |
| 942 | |2 ddc |c BK | ||
| 952 | |0 0 |1 0 |2 ddc |4 0 |6 346_830668000000000_ROM_2024 |7 0 |8 A |9 599392 |a BIBDER |b BIBDER |d 2025-01-15 |e 31 |g 0.00 |i 5664383 |o 346.830668 ROM 2024 |p 5664383 |r 2025-01-15 |t 1 |v 0.00 |w 2025-01-15 |y BK |k DER | ||